000 00463nam a2200193 a 4500
001 1765966327018
003 ACL
005 20251217154517.0
008 251217s1998##################000#0#eng##
020 _a9780028603544
082 0 4 _a641.5638
_bGOL
100 1 _aGolson, Terry Blonder,
_eauthor.
245 1 0 _a1,000 Lowfat Recipes :
260 _bWiley,
_c1998.
300 _a644 pages
650 0 _aCooking.
942 _cENGLISH
040 _aACL
_beng
_cACL
999 _c603033
_d603033